Регионална библиотека "Любен Каравелов" - Русе

Жизнь растения (Запис номер 412113)

MARC детайли
000 -Лидер
Контролно поле с фиксирана дължина nam a22 a 4500
003 - Код на организацията, давaща контролен номер
Контролно поле BLK
005 - Дата и час на последна редакция
Контролно поле 20210429092026.0
008 - Елементи от данни с фиксирана дължина
fixed length control field 210422b bu |||||r|||| 00| 0 bu d
040 ## - Източник на каталожния запис
Идентификатор на билиотеката - собственик на записа BLK
041 ## - Код за език
Код за езика на текст/звукозапис или на отделно заглавие Руски
Код за езика КДБФ Руски
080 ## - УДК
Текстов определител УДК Обща ботаника
УДК код - определител по УДК 581
УДК - код + определител 581
100 ## - Редна дума - Автор
R(LIN) 1299
Автор Тимирязев, Климент Аркадьевич
Авторска отговорност първи автор
139 ## - Редно поле
Редна дума Тимирязев, Климент Аркадьевич
Авторски знак Тим - Т 55
245 ## - Сведения за заглавието
Заглавие Жизнь растения
Подзаглавни данни Десять общедоступных чтений с приложением четырех публичных лекций
Редно поле (дума) Климент Аркадьевич Тимирязев
257 ## - Страна на издаване
Страна на създаване/издаване Русия
260 ## - Област на издателските данни
9 (RLIN) 221717
Място на издаване, разпространение и проч. Москва; Ленинград
Име на издателя, разпространителя и проч. Гос. изд. дет. лит. М-ва просвещения РСФСР
Година на издаване 1949
300 ## - Физическа характеристика
Страници 254, [1] с.
Илюстрации и др. 6 л. ил.
Размери/Мащаб 30 см
380 ## - Жанр
Жанр Естествени науки. Математика
490 ## - СЕРИИ (Колекции)
9 (RLIN) 202590
Име на серия Школьная библиотека
650 #7 - Допълнително описание по предмет – тема
9 (RLIN) 149099
Основно описание – тема или топоним Ботаника
650 #0 - Допълнително описание по предмет – тема
9 (RLIN) 275742
Основно описание – тема или топоним Растения - физиология
653 #7 - Ключова дума – ненормативна
9 (RLIN) 182340
Ключова дума ботаника
653 #7 - Ключова дума – ненормативна
9 (RLIN) 199284
Ключова дума физиология на растения
852 ## - Местоположение
Форматна сигнатура Цб 5.290.35960
Фондова буква Основен фонд - ползва се само за читалня
999 ## - СИСТЕМНИ КОНТРОЛНИ НОМЕРА
Koha biblionumber 412113
Koha biblioitemnumber 412113
942 ## - АРТИКУЛИ
Вид на библиотечния материал Книги
Скрит в OPAC Не
Периодичен библиозапис Да
944 ## - СЪЗДАВАНЕ И РЕДАКЦИЯ на ЗАПИСА
Създаване/Редакция Създаване
Дата на регистрацията/редакция 2021-04-29
Служител, извършил регистрацията/редакцията НР
Наличности
Код за отписване Код за изгубен артикул Източник на класификационната схема Код за повреда Коз за рестрикции Код за отдаване Артикулен № Име на библиотеката - собственик Име на библиотеката, в която се намира в момента Статус (Текущо местоположение) Дата на вписване в системата Местоположение - отдел Цена в лева Инвентарен номер Систематично азбучна сигнатура Баркод Цена в евро Служебен тип на артикула
  Не е изгубен Universal Decimal Classification Не е повреден само за читалня ползва се в читалня 828304 Регионална библиотека "Любен Каравелов" Русе Регионална библиотека "Любен Каравелов" Русе Хранилище 2021-05-05 Основен фонд - ползва се само за читалня 0.38 35960 Цб 5.290.35960 900000055878 0.19 Книги
Vip Innovations Ltd, Rousse, Bulgaria 2025